| 000 -LEADER |
| fixed length control field |
00704nmm a2200265 a 4500 |
| 001 - CONTROL NUMBER |
| control field |
5003961 |
| 005 - DATE AND TIME OF LATEST TRANSACTION |
| control field |
20180302081003.0 |
| 008 - FIXED-LENGTH DATA ELEMENTS--GENERAL INFORMATION |
| fixed length control field |
970702s1995 cau b eng |
| 010 ## - LIBRARY OF CONGRESS CONTROL NUMBER |
| LC control number |
97802601 |
| 040 ## - CATALOGING SOURCE |
| Original cataloging agency |
DLC |
| Transcribing agency |
DLC |
| 041 ## - LANGUAGE CODE |
| Language code of text/sound track or separate title |
eng |
| 080 ## - UNIVERSAL DECIMAL CLASSIFICATION NUMBER |
| Universal Decimal Classification number |
011 |
| 082 10 - DEWEY DECIMAL CLASSIFICATION NUMBER |
| Classification number |
011 |
| Edition number |
12 |
| 100 ## - Rafti |
| Rafti |
28 |
| 101 ## - Shkurtesa |
| Shkurtesa |
SHK |
| 245 00 - TITLE STATEMENT |
| Title |
EndNote 2 plus |
| 246 3# - VARYING FORM OF TITLE |
| Title proper/short title |
End note 2 plus |
| 246 3# - VARYING FORM OF TITLE |
| Title proper/short title |
EndNote two plus |
| 246 3# - VARYING FORM OF TITLE |
| Title proper/short title |
EndNote II plus |
| 246 1# - VARYING FORM OF TITLE |
| Display text |
Title on t.p. of manual: |
| Title proper/short title |
EndNote plus 2.0 |
| 256 ## - COMPUTER FILE CHARACTERISTICS |
| Computer file characteristics |
Computer program. |
| 906 ## - LOCAL DATA ELEMENT F, LDF (RLIN) |
| a |
7 |
| b |
cbc |
| c |
orignew |
| d |
u |
| e |
ncip |
| f |
19 |
| g |
y-gencompf |
| 942 ## - ADDED ENTRY ELEMENTS (KOHA) |
| Source of classification or shelving scheme |
|
| Item type |
Books |